| 000 | 00430cam a2200169ua 4500 | ||
|---|---|---|---|
| 020 | _c1.00 | ||
| 041 |
_amal _h |
||
| 082 |
_a954.83 _bBAL/PR |
||
| 100 | _aBalakrishna pillai, A . | ||
| 245 |
_aPracheena Kerala Charithra Gaveshanam / _cA.Balakrishna pillai. _hTextual Documents |
||
| 260 |
_aCalicut : _bK.R.Brothers , _c1957. |
||
| 300 | _a113 ; . | ||
| 365 | _a1.00 | ||
| 504 | _a | ||
| 942 | _cBK | ||
| 999 |
_c725 _d725 |
||